| 000 | 00711nam a2200241 a 4500 | ||
|---|---|---|---|
| 001 | 000038944 | ||
| 003 | DO-SdBNP | ||
| 005 | 20220429112229.0 | ||
| 007 | ta | ||
| 008 | 130507s1995 dr ac 000 0 spa d | ||
| 040 |
_aDO-SdBNP _bspa _cBNPHU |
||
| 082 | 4 | _222 | |
| 100 | 1 |
_aMejía, Abigail, _d1895-1941 _927237 |
|
| 245 | 1 | 0 |
_aAbigaíl Mejía 1895-1941 : _buna vida en imagenes / _cLicelott Marte de Barrios. |
| 260 |
_aSanto Domingo : _bs.n, _c1995. |
||
| 300 |
_a48 p. : _bil., retrs. ; _c20 cm. |
||
| 490 | 1 | _aLetras de mujer | |
| 500 | _aTexto a dos columnas | ||
| 590 | _aInventariado, 2022/BT | ||
| 700 | 1 |
_aMarte de Barrios, Licelot _965209 |
|
| 830 | 0 |
_nLetras de mujer _977697 |
|
| 942 |
_2ddc _cLBS1 |
||
| 999 |
_c38434 _d38434 |
||